DEFRA waste research strategy (Record no. 118085)

MARC details
000 -LEADER
fixed length control field 00966cam a2200217 4500
001 - CONTROL NUMBER
control field WB4037-20
008 - FIXED-LENGTH DATA ELEMENTS--GENERAL INFORMATION
fixed length control field 040929n2004 000 0 eng u
035 ## - SYSTEM CONTROL NUMBER
System control number (Sirsi) u127559
245 ## - TITLE STATEMENT
Title DEFRA waste research strategy
260 ## - PUBLICATION, DISTRIBUTION, ETC.
Date of publication, distribution, etc. 2004
490 ## - SERIES STATEMENT
Series statement DEFRA News Release
520 ## - SUMMARY, ETC.
Summary, etc. A new DEFRA waste strategy is unveiled at Waste 2004 which is focusing on integrated waste management. The strategy is based on eight key themes which include sustainable resource consumption and management, residual wastes management and market development. Copies of the strategy document can be obtained from: www.defra.gov.uk/environment/waste/wip/research/in dex.htm For the DEFRA news release: http://www.defra.gov.uk/news/2004/040928b.htm
590 ## - LOCAL NOTE (RLIN)
Local note WB
590 ## - LOCAL NOTE (RLIN)
Local note WB
650 ## - SUBJECT ADDED ENTRY--TOPICAL TERM
Topical term or geographic name entry element WASTE STRATEGY
650 ## - SUBJECT ADDED ENTRY--TOPICAL TERM
Topical term or geographic name entry element SUSTAINABLE WASTE MANAGEMENT
650 ## - SUBJECT ADDED ENTRY--TOPICAL TERM
Topical term or geographic name entry element RISK ASSESSMENT
650 ## - SUBJECT ADDED ENTRY--TOPICAL TERM
Topical term or geographic name entry element ENVIRONMENTAL PROTECTION
690 ## - LOCAL SUBJECT ADDED ENTRY--TOPICAL TERM (OCLC, RLIN)
Topical term or geographic name as entry element WASTE MANAGEMENT
942 ## - ADDED ENTRY ELEMENTS (KOHA)
Suppress in OPAC 0
Holdings
Withdrawn status Lost status Source of classification or shelving scheme Damaged status Not for loan Home library Current library Shelving location Date acquired Total Checkouts Full call number Barcode Date last seen Copy number Price effective from Koha item type
    Dewey Decimal Classification     London London News article 29/09/2004   WB4037-20 127559-1001 06/08/2019 1 06/08/2019 News article